000 00898nam a2200241 i 4500
001 169154
003 ES-MaACL
005 20250812062539.0
008 080820s1956 sp f |||| | spa d
080 _a355.13(460)
100 1 _aVigón, Jorge.
_9114665
245 1 0 _aLealtad, discrepancia y traición /
_cJorge Vigón ; prólogo de Florentino Pérez Embid.
260 _aMadrid :
_bAteneo,
_c1956.
300 _a43 p. :
_b1 lám. ;
_c19 cm.
490 1 _aColección "O crece o muere" ;
_v105
594 _aEl original fue dado a conocer por el autor en el Ateneo de Madrid, el día 21 de marzo de 1956.
610 2 4 _aAteneo de Madrid-
_vConferencias-
_y1940-1982.
_91908
650 4 _aMilitares-
_xEspaña.
_915043
700 1 _aPérez-Embid, Florentino,
_d1918-1974
_990840
830 1 0 _aColección "O crece o muere"
_v105
_9183476
852 4 _aES-MaACL
_j2242-F-4
999 _c169154
_d169154